Miesiące w języku włoskim - Statystyki

Ogólne statystyki
  • Ten quiz został rozwiązany 15 razy
  • Średni wynik to 7 z 12
Statystyki odpowiedzi
Po polsku Po włosku % Poprawnych
Grudzień Dicembre
78%
Marzec Marzo
78%
Listopad Novembre
78%
Luty Febbraio
67%
Lipiec Luglio
67%
Październik Ottobre
67%
Kwiecień Aprile
56%
Styczeń Gennaio
56%
Maj Maggio
56%
Sierpień Agosto
44%
Wrzesień Settembre
44%
Czerwiec Giugno
33%
Nie znaleziono quizów pasujących do podanych kryteriów
Rozkład punktacji
Procent ludzi z każdym wynikiem
Percentyl według liczby udzielonych odpowiedzi
Twoja historia wyników
Nie rozwiązałeś tego quizu